000 00941nas a2200301 4500
001 BR2015001764
003 BR-BrBNA
005 20231205125142.0
007 ta
008 230509b bl.|||p| |||| 00| 00por d
040 _aBR-BrBNA
_bpor
_cBiblioteca Nacional de Agricultura
041 _a(En)
072 _aQ04
100 1 _aPaccola, E.D. de S.
100 1 _aMaki, C.S.
100 1 _aNobrega, G.M.A. de
100 1 _aPaccola-Meirelles, L.D.
245 1 _aAntagonistic effect of edible mushroom extract on Candida albicans growth
650 _aCOGUMELO COMESTIVEL
650 _aANTIBIOTICO
650 _aCANDIDIASE
650 _aFUNGO
650 _aCANDIDA ALBICANS
773 0 _tBrazilian Journal of Microbiology (Brazil)
_xISSN 1517-8382
_g(Aug-Oct 2001), v. 32(3) p. 176-178
_wBR2015001764
856 4 0 _uhttp://www.scielo.br/pdf/bjm/v32n3/7733.pdf
909 _a202311
_bLúcia
_c55
_dLúcia Elande
942 _2AGRIS
_n0
_cANA
999 _c242919
_d242919